Důsledky rozšíření vnitřní směnitelnosti. Devizové aspekty podnikání. 2.
Súčasťou princípu vnútornej konvertibility čs. meny je aj regulácia kapitálových platieb do zahraničia, uskutočňovaných devízovými tuzemcami bez ohľadu na ich právne postavenie. Dopady rozšírenej konvertibility na podnikateľské subjekty. Devízové vplyvy na podnikanie.
Guardado en:
| Autor principal: | |
|---|---|
| Otros Autores: | |
| Formato: | Capítulo de libro |
| Lenguaje: | checo |
| Materias: | |
| Etiquetas: |
Sin Etiquetas, Sea el primero en etiquetar este registro!
|
MARC
| LEADER | 00000naa a2200000 4500 | ||
|---|---|---|---|
| 001 | r008575 | ||
| 005 | 20220831083609.4 | ||
| 041 | 0 | |a cze | |
| 044 | |a [CS] | ||
| 245 | 1 | 0 | |a Důsledky rozšíření vnitřní směnitelnosti. |b Devizové aspekty podnikání. 2. |c L. Žák, M. Bednářová |
| 520 | |a Súčasťou princípu vnútornej konvertibility čs. meny je aj regulácia kapitálových platieb do zahraničia, uskutočňovaných devízovými tuzemcami bez ohľadu na ich právne postavenie. Dopady rozšírenej konvertibility na podnikateľské subjekty. Devízové vplyvy na podnikanie. | ||
| 610 | 2 | 0 | |a podnikanie |
| 610 | 2 | 0 | |a ČSFR |
| 610 | 2 | 0 | |a konvertibilita |
| 610 | 2 | 0 | |a zákony |
| 610 | 2 | 0 | |a devízy |
| 610 | 2 | 0 | |a podnikatelia |
| 610 | 2 | 0 | |a operácie bankové |
| 610 | 2 | 0 | |a regulácia devízová |
| 610 | 2 | 0 | |a podnikanie v zahraničí |
| 100 | 1 | |a Žák, L. | |
| 700 | 1 | |a Bednářová, M. | |